000 00430nam a2200181Ia 4500
001 10713
005 20260306161852.0
008 260306t1984||||xx |||||||||||||| ||spa||
041 _aESP
082 _a946.082
_bV65
100 _aVilar, Sergio
_eAUT
245 0 _aHistoria del antifranquismo 1939-1975
260 _c1984
300 _a486 páginas :
_c22 cm.
650 _aGEN
654 _aCHU
942 _cLIB
_dJUS
_fJUS
_2ddc
_n
999 _c10713
_d10713